| 000 | 01352cam a2200325 4500 | ||
|---|---|---|---|
| 001 | ABS65677 | ||
| 008 | 020717n2002 000 0 eng u | ||
| 035 | _a(Sirsi) u118882 | ||
| 110 | _aMott Green Wall | ||
| 245 | _aCost model: shopping centres | ||
| 260 | _c2002 | ||
| 490 |
_aBuilding Services Journal _vJuly 2002, 16-18(3) |
||
| 520 | _aDiscusses the main options for service installations for shopping centres with enclosed malls. Looks at environmental control of enclosed malls, smoke extract from enclosed malls, services strategies to retail units, electrical services and mall lighting, security and protective installations and the impact of Part L of the Building Regulations on shopping centre design. With a cost breakdown based on two-level shopping centre with a feature glazed mall in an urban location. | ||
| 590 | _aABS | ||
| 650 | _aCOST MODELS | ||
| 650 | _aPART L | ||
| 650 |
_aBUILDING REGULATIONS _96224 |
||
| 650 | _aSHOPPING MALLS | ||
| 650 | _aSHOPPING CENTRES | ||
| 650 | _aENVIRONMENTAL CONTROL | ||
| 650 | _aSMOKE VENTILATION | ||
| 650 | _aRETAIL UNITS | ||
| 650 | _aSECURITY | ||
| 650 | _aELECTRICAL SERVICES | ||
| 650 | _aSERVICE ENGINEERS | ||
| 690 | _aBUILT ENVIRONMENT-BUILDING COSTS | ||
| 710 |
_aDavis Langdon and Everest _91155 |
||
| 710 |
_aRoberts and Partners _94286 |
||
| 942 | _n0 | ||
| 999 |
_c70758 _d70758 |
||